| 000 | 00730nam a22002057a 4500 | ||
|---|---|---|---|
| 999 |
_c16662 _d16662 |
||
| 003 | AR-CdUCM | ||
| 008 | 190504b ||||| |||| 00| 0 spa d | ||
| 040 |
_aMUNICIPALIDAD PROVINCIAL DEL CUSCO _cBIBLIOTECA MUNICIPAL DEL CUSCO |
||
| 082 |
_a869.5612 / _bC813 |
||
| 100 |
_aCornejo, Raúl Estuardo _914953 |
||
| 245 |
_aLópez Albújar, narrador de América : _btrayectoria vital / |
||
| 260 |
_aMadrid : _bAnaya, _c1961. |
||
| 300 |
_a172 páginas ; _bFotografías, _c21 cm. |
||
| 505 | _aContenido: A manera de prologo -- Introducción -- Cronología de 1872 a 1961 -- Trayectoria vital... | ||
| 650 |
_aLiteratos _9754 |
||
| 650 |
_aBiografía _922 |
||
| 650 |
_aPerú _935 |
||
| 942 |
_2ddc _cLIBROS |
||
| 945 |
_adavv _d04/05/2019 |
||